Culture+Business in ASIA Maureen Guirdham (Record no. 351422)
[ view plain ]
| 000 -LEADER | |
|---|---|
| fixed length control field | 00499nam a22001817a 4500 |
| 003 - CONTROL NUMBER IDENTIFIER | |
| control field | OSt |
| 005 - DATE AND TIME OF LATEST TRANSACTION | |
| control field | 20180116183046.0 |
| 008 - FIXED-LENGTH DATA ELEMENTS--GENERAL INFORMATION | |
| fixed length control field | 160720b xxu||||| |||| 00| 0 eng d |
| 020 ## - INTERNATIONAL STANDARD BOOK NUMBER | |
| International Standard Book Number | 9780230518087 |
| 040 ## - CATALOGING SOURCE | |
| Transcribing agency | 0 |
| 082 ## - DEWEY DECIMAL CLASSIFICATION NUMBER | |
| Classification number | 330.095 CUI 2009 |
| 100 ## - MAIN ENTRY--PERSONAL NAME | |
| Personal name | Moureen Cuirdham |
| 245 ## - TITLE STATEMENT | |
| Title | Culture+Business in ASIA Maureen Guirdham |
| Statement of responsibility, etc. | Moureen Cuirdham |
| 260 ## - PUBLICATION, DISTRIBUTION, ETC. | |
| Place of publication, distribution, etc. | UK |
| Name of publisher, distributor, etc. | Palgrave Macmillan |
| Date of publication, distribution, etc. | 2009 |
| 300 ## - PHYSICAL DESCRIPTION | |
| Extent | 371 p. |
| Other physical details | PB |
| 440 ## - SERIES STATEMENT/ADDED ENTRY--TITLE | |
| Title | Culture+Business in ASIA Maureen Guirdham |
| 942 ## - ADDED ENTRY ELEMENTS (KOHA) | |
| Source of classification or shelving scheme | |
| Koha item type | Book |
| Withdrawn status | Lost status | Source of classification or shelving scheme | Damaged status | Not for loan | Collection code | Permanent Location | Current Location | Shelving location | Date acquired | Total Checkouts | Full call number | Barcode | Date last seen | Price effective from | Koha item type |
|---|---|---|---|---|---|---|---|---|---|---|---|---|---|---|---|
| Central Library (CL) | Central Library (CL) | General Stacks | 07/20/2016 | 330.095 CUI 2009 | NBSD-2592 | 07/21/2016 | 07/20/2016 | Book |
